[Event "ROM-ch U10 Girls"]
[Site "Voineasa"]
[Date "2008.04.14"]
[Round "4"]
[White "Darida, Maurada Georgiana"]
[Black "Herciu, Ana Maria"]
[Result "1/2-1/2"]
[WhiteElo "560"]
[BlackElo "605"]
[PlyCount "26"]
[EventDate "2008.04.08"]
[EventType "swiss"]
[EventRounds "9"]
[EventCountry "ROU"]
[SourceTitle "EXT 2013"]
[Source "ChessBase"]
[SourceDate "2012.11.22"]
[SourceVersion "1"]
[SourceVersionDate "2012.11.22"]
[SourceQuality "1"]

1. Nf3 e6 2. g3 d5 3. Bg2 c5 4. d3 h6 5. Nbd2 Nc6 6. b3 Nf6 7. Bb2 Be7 8. e3 0-0 9. 0-0 b6 10. e4 Re8 11. a4 h5 12. h3 Bb7 13. Re1 Rc8 1/2-1/2